| 000 | 00980nam0a22002771 4500 | ||
|---|---|---|---|
| 001 | rc\4260137 | ||
| 005 | 20130416115439.5 | ||
| 021 |
_aRU _b[63-76957] |
||
| 035 | _a(NLR Aleph) 008481777 | ||
| 090 |
_a7994833 _c7994833 |
||
| 100 | _a20130416d1963 |||y0rusy50 ca | ||
| 101 | 0 | _arus | |
| 102 | _aRU | ||
| 105 | _aa z ||||| | ||
| 200 | 1 | _aХудожники Ставрополья | |
| 210 |
_aЛенинград _cХудожник РСФСР _d1963 |
||
| 215 |
_a83 с., 1 л. ил. _cил. _d22 |
||
| 300 | _aНа обл. авт. не указан | ||
| 606 |
_aИзобразительное искусство художников Ставропольского края _jАльбомы _2psbo |
||
| 606 |
_aХудожники _yСтавропольский край _2psbo |
||
| 700 | 1 |
_aБендик _bБ. А. _f1920- _gБорис Альбертович |
|
| 801 | 0 |
_aRU _bNLR _gpsbo |
|
| 801 | 1 |
_aRU _bELAR _2rusmarc |
|
| 852 |
_aNLR _j63-6/11870 |
||
| 942 | _cBOOK | ||
| 980 | _aNB | ||